Państwa produkujące najwięcej kiwi - Statystyki

Ogólne statystyki
  • Ten quiz został rozwiązany 12 razy
  • Średni wynik to 12 z 15
Statystyki odpowiedzi
Tony (tys.) Kraj % Poprawnych
2400 Chiny
100%
3,9 Australia
92%
49,8 Francja
92%
317,1 Grecja
92%
28,9 Hiszpania
92%
662,7 Nowa Zelandia
92%
24,9 Stany Zjednoczone
92%
89,8 Turcja
92%
48,7 Portugalia
83%
391,1 Włochy
83%
295,1 Iran
75%
116,0 Chile
58%
8,7 Izrael
58%
22,1 Japonia
50%
8,1 Korea Południowa
42%
Nie znaleziono quizów pasujących do podanych kryteriów
Rozkład punktacji
Procent ludzi z każdym wynikiem
Percentyl według liczby udzielonych odpowiedzi
Twoja historia wyników
Nie rozwiązałeś tego quizu